10 biggest Cities - Texas - Statistics

General Stats
  • This quiz has been taken 61 times
  • The average score is 7 of 10
Answer Stats
Inhabitants City % Correct
1.304.379 Dallas
100%
2.304.580 Houston
100%
961.855 Austin
96%
1.434.625 San Antonio
90%
918.915 Fort Worth
83%
678.815 El Paso
81%
317.863 Corpus Christi
50%
257.141 Lubbock
50%
394.266 Arlington
44%
285.494 Plano
31%
No matching quizzes found
Score Distribution
Percent of People with Each Score
Percentile by Number Answered
Your Score History
You have not taken this quiz